| 000 | 00465nam a2200169Ia 4500 | ||
|---|---|---|---|
| 999 |
_c36884 _d36884 |
||
| 003 | OSt | ||
| 005 | 20210122140926.0 | ||
| 008 | 190216s9999||||xx |||||||||||||| ||und|| | ||
| 040 | _coclc | ||
| 082 |
_a590 _bSIN/Z |
||
| 100 |
_aSingh _98375 |
||
| 245 | 0 |
_aZoology Specific / _cSingh ; Tyagi |
|
| 260 |
_bDanika Publishing Company, _c2008. _aNew Delhi: |
||
| 300 | _a462p | ||
| 650 | _aReferences | ||
| 942 |
_cREF _2ddc _h590 _iSIN/Z _k590 _mSIN/Z |
||